Todos os esportes Paralímpicos em Paris 2024 - Statistics

Estatísticas Gerais
  • Esse quiz foi jogado 30 vezes
  • A pontuação média é 12 de 21
Estatísticas das Respostas
Resposta % Correto
Tênis em cadeira de rodas
93%
Basquete de cadeira de rodas
90%
Futebol de 5
90%
Natação
90%
Vôlei sentado
90%
Atletismo
86%
Tênis de Mesa
76%
Tiro
66%
Ciclismo
62%
Triatlo
55%
Canoagem
52%
Esgrima de cadeira de rodas
52%
Tiro com Arco
48%
Badminton
41%
Goalball
41%
Hipismo
41%
Rugby em cadeira de rodas
38%
Bocha
34%
Levantamento de peso
34%
Remo
34%
Taekwondo
34%
Nenhum quiz correspondente encontrado
Distribuição das Pontuações
Porcentagem de Pessoas com Cada Pontuação
Percentil de Números Respondidos
Sua Pontuação Histórica
Você não jogou esse quiz